000 00786nmm a2200277 a 4500
003 AR-BaBNM
005 20251128210908.0
008 221020s1996 ||||||||||||||000 | spa||
020 _a980-317-105-4
040 _cAR-BaBNM
100 1 _aGarcía Guadilla, Carmen
245 1 0 _aConocimiento, educación superior y sociedad en América Latina
250 _a1ª ed.
260 _aCaracas
_bCENDES
_bNueva Sociedad
_c1996
300 0 _a166 p.
_btablas
500 0 _aContiene referencias bibliográficas
650 4 _aUNIVERSIDADES
651 4 _aAmérica Latina
653 0 _aEDUCACION SUPERIOR
653 0 _aGLOBALIZACION
653 0 _aDESARROLLO SUSTENTABLE
653 0 _aPOLITICAS UNIVERSITARIAS
653 0 _aEVALUACION UNIVERSITARIA
942 _cBK
998 _cRAQUEL
999 _c17344
_d17344